The Lamb and the fuhrer/ (Record no. 359490)
[ view plain ]
| 000 -LEADER | |
|---|---|
| fixed length control field | 00400nam a2200133Ia 4500 |
| 008 - FIXED-LENGTH DATA ELEMENTS--GENERAL INFORMATION | |
| fixed length control field | 181126s9999 xx 000 0 und d |
| 020 ## - INTERNATIONAL STANDARD BOOK NUMBER | |
| International Standard Book Number | 9789710093564 |
| 100 ## - MAIN ENTRY--PERSONAL NAME | |
| Personal name | Zacharias, Ravi |
| 245 ## - TITLE STATEMENT | |
| Statement of responsibility, etc | Ravi Zacharias |
| Title | The Lamb and the fuhrer/ |
| 260 ## - PUBLICATION, DISTRIBUTION, ETC. (IMPRINT) | |
| Place of publication, distribution, etc | Manila : |
| Name of publisher, distributor, etc | OMF Literature |
| Date of publication, distribution, etc | 2014 |
| 300 ## - PHYSICAL DESCRIPTION | |
| Extent | unpaged : |
| Other physical details | col. illustration ; |
| Dimensions | 26 cm. |
| 650 ## - SUBJECT ADDED ENTRY--TOPICAL TERM | |
| Topical term or geographic name as entry element | Hitler, Adolf,1889-1945 |
| 650 ## - SUBJECT ADDED ENTRY--TOPICAL TERM | |
| Topical term or geographic name as entry element | Jesus Christ |
| Withdrawn status | Lost status | Damaged status | Home library | Current library | Shelving location | Date acquired | Source of acquisition | Total Checkouts | Full call number | Barcode | Date last seen | Date checked out | Price effective from | Koha item type |
|---|---|---|---|---|---|---|---|---|---|---|---|---|---|---|
| Luxembourg Library | Luxembourg Library | Fiction Section | 11/26/2018 | 1 | PS 3576.A19 .Z16 2014 | 20691 | 02/03/2025 | 01/28/2025 | 11/26/2018 | Books |